[Event "Georgian 69th Women Championship"]
[Site "?"]
[Date "2012.05.08"]
[Round "10.4"]
[White "Bokuchava, Madona"]
[Black "Khukhashvili, Sopiko"]
[Result "0-1"]
[WhiteElo "2058"]
[BlackElo "2408"]
[PlyCount "98"]
[EventDate "2012.??.??"]

1. d4 e6 2. c4 Nf6 3. Nf3 Nc6 4. g3 Bb4+ 5. Bd2 Qe7 6. Bg2 Bxd2+ 7. Nbxd2 d6 8.
O-O O-O 9. e4 e5 10. d5 Nb8 11. Ne1 a5 12. Nd3 Na6 13. a3 Nc5 14. Nxc5 dxc5 15.
Nb1 a4 16. Nc3 Bd7 17. Qc2 Ne8 18. f4 Nd6 19. b3 axb3 20. Qxb3 Ra6 21. f5 Qg5
22. Rf3 Rfa8 23. h4 Qd2 24. Rd1 Qh6 25. Ra1 g6 26. fxg6 hxg6 27. Bf1 Bg4 28.
Rd3 f5 29. Bg2 Rb6 30. Qa2 Rb4 31. Nb5 Rxb5 32. cxb5 fxe4 33. Qd2 Qxd2 34. Rxd2
Bf3 35. Rc2 b6 36. Bf1 Ra4 37. Raa2 Kf7 38. Kf2 Ke7 39. Rc3 Bd1 40. Rd2 Rd4 41.
Ke1 Bf3 42. Rb3 Nf5 43. Rxd4 exd4 44. Kf2 Bd1 45. Rb1 e3+ 46. Ke1 Bc2 47. Ra1
d3 48. g4 Nd4 49. Bg2 d2+ 0-1

[Event "Georgian 69th Women Championship"]
[Site "?"]
[Date "2012.05.08"]
[Round "10.5"]
[White "Melia, Salome"]
[Black "Guramishvili, Sopiko"]
[Result "1/2-1/2"]
[WhiteElo "2400"]
[BlackElo "2395"]
[PlyCount "47"]
[EventDate "2012.??.??"]

1. e4 c5 2. Nf3 d6 3. d4 Nf6 4. Nc3 cxd4 5. Nxd4 a6 6. Bg5 Nbd7 7. Qe2 h6 8.
Bd2 e5 9. Nf5 Nc5 10. O-O-O g6 11. Ng3 Be6 12. h4 Qc7 13. h5 Bg7 14. hxg6 fxg6
15. Be3 O-O-O 16. f3 d5 17. exd5 Nxd5 18. Nxd5 Bxd5 19. Bxc5 Qxc5 20. Ne4 Qa5
21. a3 h5 22. Rd3 Kb8 23. Kb1 Bc6 24. Qd1 1/2-1/2

[Event "Georgian 69th Women Championship"]
[Site "?"]
[Date "2012.05.08"]
[Round "10.6"]
[White "Khurtsilava, Inga"]
[Black "Charkhalashvili, Inga"]
[Result "1-0"]
[WhiteElo "2286"]
[BlackElo "2334"]
[PlyCount "55"]
[EventDate "2012.??.??"]

1. d4 Nf6 2. Nf3 e6 3. e3 d5 4. Bd3 c5 5. b3 Nc6 6. a3 Be7 7. Bb2 cxd4 8. exd4
O-O 9. O-O Bd7 10. Nbd2 Rc8 11. Qe2 Qb6 12. Rae1 Rfd8 13. h3 Be8 14. g4 a5 15.
Qe3 Qc7 16. Ne5 Nxe5 17. dxe5 Nd7 18. Nf3 Nc5 19. Nd4 Nxd3 20. cxd3 Bc5 21. f4
Qe7 22. a4 Bd7 23. f5 Qh4 24. Re2 Re8 25. f6 g6 26. Bc3 Bf8 27. Bd2 h5 28. Be1
1-0

[Event "Georgian 69th Women Championship"]
[Site "?"]
[Date "2012.05.09"]
[Round "11.1"]
[White "Charkhalashvili, Inga"]
[Black "Paikidze, Nazi"]
[Result "1/2-1/2"]
[WhiteElo "2334"]
[BlackElo "2406"]
[PlyCount "24"]
[EventDate "2012.??.??"]

1. d4 Nf6 2. c4 e6 3. Nf3 d5 4. Nc3 Bb4 5. e3 O-O 6. Bd3 c5 7. O-O cxd4 8. exd4
dxc4 9. Bxc4 a6 10. Bd3 Nc6 11. a3 Be7 12. Re1 g6 1/2-1/2

[Event "Georgian 69th Women Championship"]
[Site "?"]
[Date "2012.05.09"]
[Round "11.2"]
[White "Guramishvili, Sopiko"]
[Black "Khurtsilava, Inga"]
[Result "1-0"]
[WhiteElo "2395"]
[BlackElo "2286"]
[PlyCount "71"]
[EventDate "2012.??.??"]

1. Nf3 e6 2. c4 Nf6 3. g3 b6 4. Bg2 Bb7 5. O-O Be7 6. Nc3 O-O 7. Qc2 c5 8. e4
Nc6 9. Rd1 e5 10. Nd5 d6 11. d3 Bc8 12. h3 h6 13. a3 Nh7 14. b4 Bg5 15. Bb2 h5
16. b5 Ne7 17. Nxg5 Nxg5 18. Kh2 h4 19. Qe2 Nxd5 20. exd5 f5 21. gxh4 Nh7 22.
f4 Qxh4 23. fxe5 f4 24. Qe1 Qxe1 25. Rxe1 f3 26. Bf1 dxe5 27. Rxe5 Bf5 28. Rae1
Ng5 29. R1e3 f2 30. Rg3 Nxh3 31. Re7 Rf7 32. Rxf7 Kxf7 33. Rf3 Kg6 34. Bxh3
Bxh3 35. Kxh3 Re8 36. Kg2 1-0

[Event "Georgian 69th Women Championship"]
[Site "?"]
[Date "2012.05.09"]
[Round "11.3"]
[White "Khukhashvili, Sopiko"]
[Black "Melia, Salome"]
[Result "0-1"]
[WhiteElo "2408"]
[BlackElo "2400"]
[PlyCount "128"]
[EventDate "2012.??.??"]

1. e4 c5 2. Nf3 d6 3. d4 Nf6 4. Nc3 cxd4 5. Nxd4 g6 6. g3 Bg7 7. Bg2 O-O 8. O-O
Bg4 9. f3 Bd7 10. Kh1 Nc6 11. Nde2 Rc8 12. g4 Be6 13. g5 Nd7 14. Nd5 Bxd5 15.
exd5 Nce5 16. c3 Nc5 17. Rb1 Qa5 18. b4 Qb5 19. f4 Nc4 20. f5 Nd7 21. a4 Qb6
22. Qd3 Nce5 23. Qe3 Qxe3 24. Bxe3 Nc4 25. Bc1 Ncb6 26. a5 Na4 27. f6 exf6 28.
gxf6 Nxf6 29. Ra1 Rfe8 30. Rxa4 Rxe2 31. Bf3 Re5 32. b5 Nxd5 33. Rd4 Nxc3 34.
Rxd6 Rxb5 35. Rd7 Rxa5 36. Bxb7 Rf8 37. Bd2 Rh5 38. Bxc3 Bxc3 39. Rf3 Be5 40.
h3 Bb8 41. Bd5 Kh8 42. Bxf7 a5 43. Bxg6 Rxf3 44. Bxh5 Rxh3+ 45. Kg2 Rxh5 46.
Rd8+ Kg7 47. Rxb8 Rc5 48. Re8 a4 49. Ra8 Rc4 50. Ra7+ Kg6 51. Ra6+ Kg5 52. Kg3
Rc3+ 53. Kf2 Ra3 54. Ra8 h5 55. Rg8+ Kh4 56. Ra8 Kh3 57. Rc8 Rb3 58. Rc5 h4 59.
Rc4 a3 60. Ra4 Rb2+ 61. Kf3 a2 62. Ra8 Kh2 63. Kg4 h3 64. Ra3 Kg2 0-1

[Event "Georgian 69th Women Championship"]
[Site "?"]
[Date "2012.05.09"]
[Round "11.4"]
[White "Khotenashvili, Bela"]
[Black "Bokuchava, Madona"]
[Result "1/2-1/2"]
[WhiteElo "2490"]
[BlackElo "2058"]
[PlyCount "97"]
[EventDate "2012.??.??"]

1. Nf3 c5 2. g3 g6 3. Bg2 Bg7 4. c4 Nc6 5. Nc3 d6 6. O-O Nf6 7. d4 cxd4 8. Nxd4
Bd7 9. Nc2 O-O 10. b3 Rc8 11. Bd2 a6 12. a4 Be6 13. Ne3 Nd7 14. Rb1 a5 15. Nb5
Nc5 16. Qe1 b6 17. Bc3 Bxc3 18. Qxc3 Nb4 19. Rbd1 Bd7 20. h4 h5 21. Nd4 Ne6 22.
Nxe6 Bxe6 23. Rd4 Rc5 24. Rfd1 Qc8 25. Qd2 Rd8 26. Bd5 Bxd5 27. Nxd5 Nxd5 28.
Rxd5 Rxd5 29. Qxd5 Rd7 30. Qb5 Qb7 31. e4 Rc7 32. e5 Qf3 33. Rd5 Rc5 34. Rxc5
bxc5 35. Qe8+ Kh7 36. e6 fxe6 37. Qxe7+ Kh6 38. Qxd6 Qxb3 39. Qxc5 Qxa4 40.
Qf8+ Kh7 41. Qe7+ Kh6 42. Qg5+ Kh7 43. c5 Qd7 44. Qc1 Qc6 45. Qc2 a4 46. g4
hxg4 47. h5 e5 48. hxg6+ Kh6 49. Qc3 1/2-1/2

[Event "Georgian 69th Women Championship"]
[Site "?"]
[Date "2012.05.09"]
[Round "11.5"]
[White "Lomineishvili, Maia"]
[Black "Gvetadze, Sofio"]
[Result "1/2-1/2"]
[WhiteElo "2366"]
[BlackElo "2334"]
[PlyCount "127"]
[EventDate "2012.??.??"]

1. e4 c5 2. Nf3 Nc6 3. Bc4 g6 4. O-O Bg7 5. c3 Na5 6. Bb5 a6 7. Ba4 Nf6 8. Re1
O-O 9. d4 b5 10. Bc2 cxd4 11. e5 Ne8 12. Qxd4 Bb7 13. Nbd2 d6 14. Qh4 dxe5 15.
Nxe5 Nf6 16. Ndf3 Nc6 17. Bh6 Nxe5 18. Nxe5 Qd5 19. Nf3 Rae8 20. Re5 Qd6 21.
Rd1 Qc7 22. Bf4 Bxf3 23. gxf3 Qb7 24. Kg2 Rd8 25. Be4 Qc8 26. Rxd8 Qxd8 27. Rc5
Qd1 28. Bb7 Qa4 29. a3 Qb3 30. Bxa6 Qxb2 31. Bxb5 Qxa3 32. Be3 Nh5 33. Qb4 Qa1
34. f4 Qd1 35. f5 Bf6 36. Bc6 Ng7 37. fxg6 hxg6 38. Bf3 Qd6 39. Rc6 Qd8 40. Be4
Qd1 41. Bf3 Qd8 42. Be4 Qd7 43. h3 Nf5 44. Bf4 Nh4+ 45. Kh2 Kg7 46. Rc7 Qd1 47.
Rxe7 Qe2 48. Bg3 Nf5 49. Rb7 Nxg3 50. Kxg3 Rh8 51. Kg2 Rh5 52. Bf3 Rg5+ 53. Bg4
Qe1 54. Qc4 Be7 55. Qd4+ Kh7 56. Rb8 Qe5 57. Qxe5 Rxe5 58. Rc8 Kg7 59. Bf3 Rc5
60. Rxc5 Bxc5 61. Bd5 g5 62. Be4 Kf6 63. Kf3 Ke5 64. c4 1/2-1/2

[Event "Georgian 69th Women Championship"]
[Site "?"]
[Date "2012.05.09"]
[Round "11.6"]
[White "Batsiashvili, Nino"]
[Black "Arabidze, Meri"]
[Result "1-0"]
[WhiteElo "2438"]
[BlackElo "2337"]
[PlyCount "71"]
[EventDate "2012.??.??"]

1. d4 Nf6 2. c4 e6 3. g3 d5 4. Bg2 Bb4+ 5. Bd2 Be7 6. Nf3 O-O 7. O-O c6 8. Qc2
b6 9. Rd1 Ba6 10. b3 Nbd7 11. Bf4 Rc8 12. Nc3 Qe8 13. e4 dxc4 14. Nb1 b5 15.
bxc4 bxc4 16. Nc3 Nb6 17. a4 Nh5 18. Be3 f5 19. a5 Nd7 20. exf5 exf5 21. d5
cxd5 22. Bxa7 Ra8 23. Bd4 Bb7 24. Nd2 Qf7 25. a6 Bc6 26. Nxc4 f4 27. Na5 Rxa6
28. Qe2 Rxa5 29. Rxa5 Bb4 30. Bxd5 Bxd5 31. Rxd5 Nhf6 32. Rf5 fxg3 33. hxg3 Re8
34. Qf3 Qc4 35. Rf4 Qc7 36. Bxf6 1-0